Music Quiz

Random Music or Rock Quiz
Score 0/30 Timer 08:00
0 Plays Today
% Correct
Guns
96.2%
The
92.4%
Alice
92.3%
Blue
88%
Stone
86.9%
Electric
85.9%
Yeah
80%
Bachman
74.3%
Plain
73.8%
Puddle
72.9%
Bowling
71.9%
Faith
68%
Ben
62.1%
Mott
57.8%
Better
56.7%
% Correct
Spencer
56.4%
Ugly
53.6%
Three
52.9%
Type
50.8%
Ten
49.7%
All
49.6%
A
49.1%
Deep
48.7%
Taking
48.7%
New
47.4%
Fun
45.9%
Manic
44.5%
Angels
43.4%
Letters
41.2%
Neutral
34%
Remove Ads.
Support Sporcle.
Get the best of Sporcle when you Go Orange. This ad-free experience offers more features, more stats, and more fun while also helping to support Sporcle. Thank you for becoming a member.

You're not logged in!

Compare scores with friends on all Sporcle quizzes.
OR
Log In

Sporcle TV

Today on Sporcle TV


Watch our educational content, quiz creation guides, and fun videos on Sporcle TV.

Show Comments

Extras

Top Quizzes Today


Score Distribution

Paid Content

Your Account Isn't Verified!

In order to create a playlist on Sporcle, you need to verify the email address you used during registration. Go to your Sporcle Settings to finish the process.

Report this User

Report this user for behavior that violates our Community Guidelines.

Details: